Central Library OPAC University of Rajshahi
Normal view MARC view

Entry Topical Term

Number of records used in: 2

001 - CONTROL NUMBER

  • control field: 11521

003 - CONTROL NUMBER IDENTIFIER

  • control field: BD-RjUL

005 - DATE AND TIME OF LATEST TRANSACTION

  • control field: 20240207104105.0

008 - FIXED-LENGTH DATA ELEMENTS

  • fixed length control field: 240207|| aca||aabn | a|a d

040 ## - CATALOGING SOURCE

  • Original cataloging agency: BD-RjUL
  • Transcribing agency: BD-RjUL

150 ## - HEADING--TOPICAL TERM

  • Topical term or geographic name entry element: নারী শিক্ষা
  • General subdivision: সরকারের ভূমিকা
  • Geographic subdivision: বাংলাদেশ
  • Geographic subdivision: চাঁপাই নবাবগঞ্জ

670 ## - SOURCE DATA FOUND

  • Source citation: Work cat.: (BD-RjUL)82986: ইসলাম, মো: শরিফুল 11520, বাংলাদেশের নারী শিক্ষার উন্নয়নে সরকারের ভূমিকা :, ২০১৯